00412nam a22001337a 4500003000400000005001700004008004100021040002200062082001800084100003000102245008600132260001800218300004200236OSt20221013191710.0221012b |||||||| |||| 00| 0 eng d cBiblioteca Lado V a700.74bB517j aBernal, Margaretecurador aJamaica in Venice/bLa Bienale di Venezia 49. Esposizione Internazionale d'Arte / bJamaicac2001 a14p.c17x24cmbEs un folder con hojas